Positivity in store for self-storage sector (Record no. 84045)
[ view plain ]
| 000 -LEADER | |
|---|---|
| fixed length control field | 01190cab a22002055a 4500 |
| 001 - CONTROL NUMBER | |
| control field | L156509 |
| 008 - FIXED-LENGTH DATA ELEMENTS--GENERAL INFORMATION | |
| fixed length control field | 120530e2012 xxk 000 0 eng d |
| 035 ## - SYSTEM CONTROL NUMBER | |
| System control number | (Sirsi) u156509 |
| 041 0# - LANGUAGE CODE | |
| Language code of text/sound track or separate title | eng |
| 110 2# - MAIN ENTRY--CORPORATE NAME | |
| Corporate name or jurisdiction name as entry element | Property Week |
| 9 (RLIN) | 1549 |
| 245 00 - TITLE STATEMENT | |
| Title | Positivity in store for self-storage sector |
| 260 ## - PUBLICATION, DISTRIBUTION, ETC. | |
| Date of publication, distribution, etc. | 2012 |
| 490 #0 - SERIES STATEMENT | |
| Series statement | Property Week |
| Volume/sequential designation | 78 (21) 25 May 2012, 36(1) |
| 520 ## - SUMMARY, ETC. | |
| Summary, etc. | The self-storage sector continues to be resilient despite the challenging economic conditions. The Self Storage Association and Drivers Jonas Deloitte's 2012 annual survey shows some positive signs although the average rent fell slightly in 2011 to £12.06/sq ft. Average occupancy among mature facilities rose from 68% to 70% with business customers taking a higher share of occupied space (39%). Regionally London and the south still dominates in terms of share of floorspace. Currently there are 815 facilities in the UK and the 2011 UK turnover from 400 operators was £355m. |
| 590 ## - LOCAL NOTE (RLIN) | |
| Local note | KA |
| 651 #4 - SUBJECT ADDED ENTRY--GEOGRAPHIC NAME | |
| Geographic name | United Kingdom |
| 690 ## - LOCAL SUBJECT ADDED ENTRY--TOPICAL TERM (OCLC, RLIN) | |
| Topical term or geographic name as entry element | Commercial property |
| 9 (RLIN) | 6227 |
| 856 40 - ELECTRONIC LOCATION AND ACCESS | |
| Uniform Resource Identifier | <a href="https://www.djdeloitte.co.uk/uk.aspx?doc=44433">https://www.djdeloitte.co.uk/uk.aspx?doc=44433</a> |
| Public note | View the report after free registration at www.djdeloitte.co.uk |
| 942 ## - ADDED ENTRY ELEMENTS (KOHA) | |
| Suppress in OPAC | 0 |
| Withdrawn status | Lost status | Source of classification or shelving scheme | Damaged status | Not for loan | Home library | Current library | Shelving location | Date acquired | Total Checkouts | Full call number | Barcode | Date last seen | Copy number | Price effective from | Koha item type |
|---|---|---|---|---|---|---|---|---|---|---|---|---|---|---|---|
| Dewey Decimal Classification | London | London | Journal article | 30/05/2012 | L156509 | 156509-1001 | 06/08/2019 | 1 | 06/08/2019 | Journal article |